Guess the 1960s song lyrics #15 - Statistics

General Stats
  • This quiz has been taken 23 times
  • The average score is 140 of 279
Answer Stats
Answer % Correct
A
100%
a
100%
I
100%
the
100%
The
100%
in
95%
In
95%
me
95%
to
95%
No
86%
of
86%
When
86%
when
86%
and
82%
And
82%
they
82%
For
77%
men
77%
my
77%
so
77%
it
73%
that
73%
That
73%
there
73%
all
68%
is
68%
It's
68%
love
68%
Now
68%
now
68%
us
64%
At
59%
at
59%
from
59%
have
59%
saw
59%
Oh
55%
want
55%
I've
50%
was
50%
with
50%
But
45%
always
41%
Always
41%
end
41%
heard
41%
off
41%
again
36%
knew
36%
look
36%
more
36%
must
36%
or
36%
Tell
36%
won
36%
Yes
36%
Big
32%
Little
32%
many
32%
back
27%
lead
27%
New
27%
old
27%
we've
27%
even
23%
fall
23%
War
23%
war
23%
young
23%
ain't
18%
Call
18%
call
18%
gun
18%
Horn
18%
land
18%
lying
18%
peace
18%
reason
18%
started
18%
Battle
14%
blood
14%
brothers
14%
burning
14%
different
14%
dying
14%
fights
14%
Fought
14%
growing
14%
killed
14%
leader's
14%
learning
14%
million
14%
others
14%
share
14%
thousand
14%
wars
14%
anymore
9%
battles
9%
bloody
9%
bound
9%
British
9%
California
9%
cities
9%
Civil
9%
close
9%
Cuban
9%
early
9%
final
9%
flew
9%
flowing
9%
Fruit
9%
German
9%
Japanese
9%
labor
9%
marched
9%
marching
9%
Mexican
9%
mighty
9%
missile
9%
mission
9%
mushroom
9%
Orleans
9%
plants
9%
roar
9%
saber
9%
screamin
9%
screams
9%
Set
9%
shore
9%
skies
9%
stole
9%
treason
9%
trench
9%
United
9%
worth
9%
Injuns
5%
No matching quizzes found
Score Distribution
Percent of People with Each Score
Percentile by Number Answered
Your Score History
You have not taken this quiz